<?xml version="1.0" encoding="UTF-8"?>
<collection xmlns="http://www.loc.gov/MARC21/slim">
 <record>
  <leader>01533nam a2200277 a 4500</leader>
  <controlfield tag="001">1/52307</controlfield>
  <controlfield tag="008">210605s1997    gr ab         000 | gre d</controlfield>
  <datafield tag="020" ind1=" " ind2=" ">
   <subfield code="a">9602440406</subfield>
  </datafield>
  <datafield tag="040" ind1=" " ind2=" ">
   <subfield code="a">GR-PeUP</subfield>
  </datafield>
  <datafield tag="082" ind1="0" ind2="0">
   <subfield code="a">914.9522 ΠΟΛ</subfield>
  </datafield>
  <datafield tag="245" ind1="0" ind2="0">
   <subfield code="a">Πολιτιστικός χάρτης Αρκαδίας /</subfield>
   <subfield code="c">εισαγωγή Π. Ματσούκα ... [κ.ά.] ; λήμματα Ε. Μπεχράκη, Ι. Βαραλής, Π. Ματσούκα ; σύνθεση και κατασκευή χαρτών Τρ. Αδαμακόπουλος.</subfield>
  </datafield>
  <datafield tag="260" ind1=" " ind2=" ">
   <subfield code="a">Αθήνα :</subfield>
   <subfield code="b">ΠΤΙ ΕΤΒΑ, </subfield>
   <subfield code="c">c1997.</subfield>
  </datafield>
  <datafield tag="300" ind1=" " ind2=" ">
   <subfield code="a">31, [1] σ. : </subfield>
   <subfield code="b">εικ., φωτ., χάρτες ;</subfield>
   <subfield code="c">26 εκ. + </subfield>
   <subfield code="e">1 διπλ. χάρτης.</subfield>
  </datafield>
  <datafield tag="651" ind1=" " ind2="0">
   <subfield code="a">Arcadia (Prefecture)</subfield>
   <subfield code="x">Description and travel.</subfield>
  </datafield>
  <datafield tag="651" ind1=" " ind2="0">
   <subfield code="a">Arcadia (Prefecture)</subfield>
   <subfield code="x">Maps.</subfield>
  </datafield>
  <datafield tag="651" ind1=" " ind2="4">
   <subfield code="a">Αρκαδία (Νομός) </subfield>
   <subfield code="x">Περιγραφή και ταξίδια.</subfield>
  </datafield>
  <datafield tag="651" ind1=" " ind2="4">
   <subfield code="a">Αρκαδία (Νομός)</subfield>
   <subfield code="x">Χάρτες.</subfield>
  </datafield>
  <datafield tag="651" ind1=" " ind2="4">
   <subfield code="a">Αρκαδία (Νομός)</subfield>
   <subfield code="x">Αρχαιότητες.</subfield>
  </datafield>
  <datafield tag="651" ind1=" " ind2="4">
   <subfield code="a">Αρκαδία (Νομός)</subfield>
   <subfield code="x">Ιστορία.</subfield>
  </datafield>
  <datafield tag="700" ind1="1" ind2=" ">
   <subfield code="a">Ματσούκα, Πηνελόπη.</subfield>
  </datafield>
  <datafield tag="700" ind1="1" ind2=" ">
   <subfield code="a">Μπεχράκη, Ελένη.</subfield>
  </datafield>
  <datafield tag="700" ind1="1" ind2=" ">
   <subfield code="a">Βαραλής, Ιωάννης.</subfield>
  </datafield>
  <datafield tag="700" ind1="1" ind2=" ">
   <subfield code="a">Αδαμακόπουλος, Τριαντάφυλλος.</subfield>
  </datafield>
  <datafield tag="710" ind1="2" ind2=" ">
   <subfield code="a">Ελληνική Τράπεζα Βιομηχανικής Αναπτύξεως Πολιτιστικό Τεχνολογικό Ίδρυμα.</subfield>
  </datafield>
  <datafield tag="852" ind1=" " ind2=" ">
   <subfield code="a">INST</subfield>
   <subfield code="b">UNIPILB</subfield>
   <subfield code="c">MAIN</subfield>
   <subfield code="e">20210605</subfield>
   <subfield code="h">914.9522 ΠΟΛ</subfield>
   <subfield code="p">00174037</subfield>
   <subfield code="q">00174037</subfield>
   <subfield code="t">LOAN</subfield>
   <subfield code="y">0</subfield>
   <subfield code="4">1</subfield>
  </datafield>
  <datafield tag="960" ind1=" " ind2=" ">
   <subfield code="a">ΑΛΜΠΑΝΗ ΤΑΝΙΑ</subfield>
  </datafield>
 </record>
</collection>
